[Event "47th GRE-chT 2019"]
[Site "Patra"]
[Date "2019.07.04"]
[Round "4.18"]
[White "Tsiros, Fragkiskos Vlasios"]
[Black "Kouskoutis, Georgios-Alexandros"]
[Result "0-1"]
[WhiteElo "2170"]
[BlackElo "2256"]
[Annotator "ChessBase"]
[PlyCount "185"]
[EventDate "2019.07.02"]
[EventCountry "GRE"]
[SourceTitle "playchess.com"]
[Source "ChessBase"]
[SourceQuality "1"]
[TimeControl "5400+30"]

1. e4 {[%emt 0:00:00]} e5 {[%emt 0:00:00]} 2. Nc3 {[%emt 0:00:00]} Nf6 {[%emt 0:00:33]} 3. g3 {[%emt 0:00:19]} c6 {[%emt 0:09:12]} 4. Bg2 {[%emt 0:00:24]} d5 {[%emt 0:06:45]} 5. d3 {[%emt 0:01:22]} Bb4 {[%emt 0:03:07]} 6. exd5 {[%emt 0:06:11]} cxd5 {[%emt 0:01:00]} 7. a3 {[%emt 0:04:23]} Bxc3+ {[%emt 0:00:05]} 8. bxc3 {[%emt 0:00:18]} h6 {[%emt 0:00:32]} 9. Ne2 {[%emt 0:01:38]} O-O {[%emt 0:00:27]} 10. O-O {[%emt 0:01:01]} Nc6 {[%emt 0:02:39]} 11. h3 {[%emt 0:06:14]} Re8 {[%emt 0:02:28]} 12. Rb1 {[%emt 0:03:43]} Qc7 {[%emt 0:17:49]} 13. Be3 {[%emt 0:16:56]} Bf5 {[%emt 0:12:59]} 14. Qd2 {[%emt 0:13:44]} Rad8 {[%emt 0:08:02]} 15. f4 {[%emt 0:06:11]} d4 {[%emt 0:05:45]} 16. Bf2 {[%emt 0:02:04]} dxc3 {[%emt 0:07:32]} 17. Qxc3 {[%emt 0:03:51]} e4 {[%emt 0:04:04]} 18. Nd4 {[%emt 0:11:16]} Nd5 {[%emt 0:09:33]} 19. Qb3 {[%emt 0:08:36]} Bh7 {[%emt 0:03:38]} 20. dxe4 {[%emt 0:02:01]} Bxe4 {[%emt 0:01:10]} 21. Nb5 {[%emt 0:02:05]} Qc8 {[%emt 0:00:19]} 22. Bxe4 {[%emt 0:00:08]} Rxe4 {[%emt 0:00:42]} 23. Rfd1 {[%emt 0:02:11]} Nf6 {[%emt 0:01:38]} 24. Nd6 {[%emt 0:05:12]} Rxd6 {[%emt 0:00:01]} 25. Rxd6 {[%emt 0:02:00]} Re7 {[%emt 0:01:50]} 26. Qf3 {[%emt 0:00:23]} Qxh3 {[%emt 0:00:10]} 27. Qg2 {[%emt 0:00:16]} Qf5 {[%emt 0:00:49]} 28. Rd2 {[%emt 0:00:25]} Kh7 {[%emt 0:00:14]} 29. Rbd1 {[%emt 0:00:26]} h5 {[%emt 0:00:34]} 30. Rd3 {[%emt 0:00:38]} Re2 {[%emt 0:00:37]} 31. R1d2 {[%emt 0:00:34]} Rxd2 {[%emt 0:00:01]} 32. Rxd2 {[%emt 0:00:38]} Qa5 {[%emt 0:00:30]} 33. Rd3 {[%emt 0:00:39]} Qa4 {[%emt 0:00:21]} 34. Rb3 {[%emt 0:00:27]} b6 {[%emt 0:00:20]} 35. Qf3 {[%emt 0:00:39]} Ne7 {[%emt 0:00:57]} 36. Qd3+ {[%emt 0:00:27]} Qe4 {[%emt 0:00:33]} 37. Bd4 {[%emt 0:00:15]} Qxd3 {[%emt 0:00:41]} 38. cxd3 {[%emt 0:00:17]} Nfd5 {[%emt 0:00:27]} 39. Kg2 {[%emt 0:00:19]} Kg6 {[%emt 0:00:00]} 40. Rb1 {[%emt 0:00:00]} f6 {[%emt 0:00:00]} 41. Kf3 {[%emt 0:00:00]} Kf7 {[%emt 0:00:00]} 42. a4 {[%emt 0:00:00]} Nc6 {[%emt 0:00:00]} 43. Ke4 {[%emt 0:00:00]} Nde7 {[%emt 0:00:00]} 44. Bb2 {[%emt 0:00:00]} Ke6 {[%emt 0:00:00]} 45. d4 {[%emt 0:00:00]} g6 {[%emt 0:00:00]} 46. Ba3 {[%emt 0:00:00]} Nd5 {[%emt 0:00:00]} 47. Rc1 {[%emt 0:00:00]} f5+ {[%emt 0:00:00]} 48. Kd3 {[%emt 0:00:00]} Kd7 {[%emt 0:00:00]} 49. Kc4 {[%emt 0:00:00]} Nf6 {[%emt 0:00:00]} 50. d5 {[%emt 0:00:00]} Na5+ {[%emt 0:00:00]} 51. Kb5 {[%emt 0:00:00]} Nxd5 {[%emt 0:00:25]} 52. Ka6 {[%emt 0:04:27]} Nc6 {[%emt 0:00:41]} 53. Kb7 {[%emt 0:01:05]} Nd8+ {[%emt 0:00:20]} 54. Kxa7 {[%emt 0:01:14]} Ne6 {[%emt 0:00:51]} 55. Kb7 {[%emt 0:00:19]} Nd8+ {[%emt 0:01:12]} 56. Ka6 {[%emt 0:00:20]} Ne6 {[%emt 0:01:52]} 57. Kb5 {[%emt 0:00:42]} Nec7+ {[%emt 0:00:30]} 58. Kc4 {[%emt 0:01:07]} Ne3+ {[%emt 0:00:50]} 59. Kd3 {[%emt 0:00:16]} Ned5 {[%emt 0:00:24]} 60. Kd4 {[%emt 0:01:11]} Nf6 {[%emt 0:01:28]} 61. Rb1 {[%emt 0:00:49]} Ne6+ {[%emt 0:01:17]} 62. Kc4 {[%emt 0:00:16]} Kc6 {[%emt 0:01:36]} 63. Bc1 {[%emt 0:00:47]} Nc5 {[%emt 0:00:55]} 64. Kb4 {[%emt 0:00:31]} Nd5+ {[%emt 0:00:39]} 65. Kc4 {[%emt 0:00:19]} Nxa4 {[%emt 0:00:22]} 66. Bd2 {[%emt 0:00:28]} Nc5 {[%emt 0:00:13]} 67. Kd4 {[%emt 0:00:26]} Ne4 {[%emt 0:00:27]} 68. Be1 {[%emt 0:00:32]} Kd6 {[%emt 0:00:14]} 69. Rb5 {[%emt 0:00:29]} Nc5 {[%emt 0:01:08]} 70. Bd2 {[%emt 0:00:44]} Ne6+ {[%emt 0:00:10]} 71. Kd3 {[%emt 0:00:18]} Kc6 {[%emt 0:00:37]} 72. Kc4 {[%emt 0:00:40]} Ndc7 {[%emt 0:00:14]} 73. Rb1 {[%emt 0:00:18]} b5+ {[%emt 0:00:03]} 74. Kd3 {[%emt 0:00:53]} Nc5+ {[%emt 0:00:11]} 75. Kd4 {[%emt 0:00:16]} Ne4 {[%emt 0:00:12]} 76. Be1 {[%emt 0:00:20]} Kd6 {[%emt 0:00:01]} 77. Bb4+ {[%emt 0:00:42]} Ke6 {[%emt 0:00:05]} 78. Rc1 {[%emt 0:00:15]} Kd7 {[%emt 0:02:24]} 79. Ke5 Nxg3 {[%emt 0:14:34]} 80. Rg1 {[%emt 0:01:24]} h4 {[%emt 0:00:00]} 81. Be1 {[%emt 0:00:36]} Ne4 {[%emt 0:00:00]} 82. Bxh4 {[%emt 0:00:16]} b4 {[%emt 0:00:00]} 83. Rb1 {[%emt 0:00:25]} Nc5 {[%emt 0:00:00]} 84. Kd4 {[%emt 0:00:20]} N7e6+ {[%emt 0:00:00]} 85. Kc4 {[%emt 0:00:38]} Ne4 {[%emt 0:00:00]} 86. Rd1+ {[%emt 0:00:35]} Ke8 {[%emt 0:00:00]} 87. Kd5 {[%emt 0:00:18]} Nc3+ {[%emt 0:00:00]} 88. Kxe6 {[%emt 0:00:04]} Nxd1 {[%emt 0:00:00]} 89. Bf6 {[%emt 0:00:27]} b3 {[%emt 0:00:00]} 90. Be5 {[%emt 0:00:08]} b2 {[%emt 0:00:00]} 91. Bxb2 {[%emt 0:00:04]} Nxb2 {[%emt 0:00:00]} 92. Kf6 {[%emt 0:00:10]} Kd7 {[%emt 0:00:00]} 93. Ke5 {[%emt 0:10:35]} 0-1

[Event "47th GRE-chT 2019"]
[Site "Patra"]
[Date "2019.07.04"]
[Round "4.19"]
[White "Chatzieleftheriou, Andreas"]
[Black "Loukisas, Dimitrios"]
[Result "1-0"]
[WhiteElo "2208"]
[BlackElo "1898"]
[Annotator "NA"]
[PlyCount "141"]
[EventDate "2019.07.02"]
[EventCountry "GRE"]
[SourceTitle "playchess.com"]
[Source "ChessBase"]
[SourceQuality "1"]
[TimeControl "5400+30"]

1. e4 {[%emt 0:00:00]} e6 {[%emt 0:00:00]} 2. d4 {[%emt 0:00:00]} d5 {[%emt 0:00:00]} 3. Bd3 {[%emt 0:00:10]} dxe4 {[%emt 0:01:04]} 4. Bxe4 {[%emt 0:00:10]} Nf6 {[%emt 0:00:14]} 5. Bf3 {[%emt 0:00:15]} Be7 {[%emt 0:00:33]} 6. Ne2 {[%emt 0:00:36]} Nbd7 {[%emt 0:01:12]} 7. O-O {[%emt 0:01:15]} O-O {[%emt 0:01:09]} 8. c4 {[%emt 0:03:59]} e5 {[%emt 0:03:10]} 9. Nbc3 {[%emt 0:00:33]} exd4 {[%emt 0:03:02]} 10. Nxd4 {[%emt 0:00:51]} Ne5 {[%emt 0:02:43]} 11. Be2 {[%emt 0:00:49]} c6 {[%emt 0:00:44]} 12. Bf4 {[%emt 0:06:20]} Ng6 {[%emt 0:03:40]} 13. Bg3 {[%emt 0:00:50]} h5 {[%emt 0:05:44]} 14. h3 {[%emt 0:05:47]} h4 {[%emt 0:00:27]} 15. Bh2 {[%emt 0:00:22]} Bd6 {[%emt 0:00:54]} 16. Bxd6 {[%emt 0:04:20]} Qxd6 {[%emt 0:03:45]} 17. Nf3 {[%emt 0:03:39]} Qc5 {[%emt 0:01:01]} 18. Qd4 {[%emt 0:04:15]} Qh5 {[%emt 0:01:17]} 19. Rad1 {[%emt 0:07:47]} Re8 {[%emt 0:08:07]} 20. Rfe1 {[%emt 0:10:03]} Bd7 {[%emt 0:16:48]} 21. Qd2 {[%emt 0:06:55]} Bxh3 {[%emt 0:18:22]} 22. gxh3 {[%emt 0:01:26]} Rxe2 {[%emt 0:00:47]} 23. Rxe2 {[%emt 0:03:24]} Qxf3 {[%emt 0:00:23]} 24. Qe3 {[%emt 0:05:28]} Qf5 {[%emt 0:00:46]} 25. Red2 {[%emt 0:02:21]} Nf4 {[%emt 0:01:58]} 26. Kh2 {[%emt 0:04:44]} Ne6 {[%emt 0:05:07]} 27. Rd3 {[%emt 0:09:07]} Re8 {[%emt 0:01:59]} 28. Qf3 {[%emt 0:01:16]} Qc5 {[%emt 0:00:19]} 29. Re3 {[%emt 0:02:51]} Qxc4 {[%emt 0:00:58]} 30. Ne4 {[%emt 0:01:58]} Nxe4 {[%emt 0:01:16]} 31. Rxe4 {[%emt 0:00:53]} Qc2 {[%emt 0:03:35]} 32. Rd7 {[%emt 0:00:59]} Rf8 {[%emt 0:00:24]} 33. Re2 {[%emt 0:02:10]} Qc5 {[%emt 0:01:14]} 34. Qg4 {[%emt 0:01:18]} b5 {[%emt 0:02:50]} 35. Qxh4 {[%emt 0:02:08]} a5 {[%emt 0:00:19]} 36. Qg4 {[%emt 0:00:39]} g6 {[%emt 0:02:36]} 37. h4 {[%emt 0:01:47]} Ng7 {[%emt 0:00:17]} 38. Rde7 {[%emt 0:03:27]} Qd6+ {[%emt 0:01:10]} 39. Qg3 {[%emt 0:00:48]} Qd5 {[%emt 0:00:46]} 40. R7e5 {[%emt 0:00:00]} Qd4 {[%emt 0:00:00]} 41. h5 {[%emt 0:00:00]} Kh7 {[%emt 0:00:00]} 42. R5e4 {[%emt 0:00:00]} Qc5 {[%emt 0:00:00]} 43. hxg6+ {[%emt 0:00:00]} fxg6 {[%emt 0:01:31]} 44. Re7 {[%emt 0:00:00]} Rf5 {[%emt 0:00:00]} 45. R7e5 {[%emt 0:00:00]} Rh5+ {[%emt 0:00:00]} 46. Rxh5+ {[%emt 0:00:00]} Nxh5 {[%emt 0:00:00]} 47. Qe5 {[%emt 0:00:00]} Qc4 {[%emt 0:00:00]} 48. Qe4 {[%emt 0:00:00]} Qc1 {[%emt 0:00:00]} 49. Qe7+ {[%emt 0:00:00]} Ng7 {[%emt 0:00:00]} 50. Qe3 {[%emt 0:00:00]} Qc4 {[%emt 0:00:00]} 51. b3 {[%emt 0:00:51]} Qf7 {[%emt 0:00:00]} 52. Rd2 {[%emt 0:01:42]} Qc7+ {[%emt 0:02:00]} 53. Qg3 {[%emt 0:00:06]} Qe7 {[%emt 0:03:17]} 54. Qh3+ {[%emt 0:00:21]} Kg8 {[%emt 0:00:09]} 55. Qg3 {[%emt 0:00:39]} Kh7 {[%emt 0:00:46]} 56. Rd3 {[%emt 0:01:32]} Nf5 {[%emt 0:01:16]} 57. Qf4 {[%emt 0:00:22]} Kg7 {[%emt 0:00:27]} 58. a4 {[%emt 0:01:12]} b4 {[%emt 0:00:39]} 59. Kg2 {[%emt 0:01:48]} Kf6 {[%emt 0:02:17]} 60. Re3 {[%emt 0:01:18]} Qd6 {[%emt 0:01:33]} 61. Qxd6+ {[%emt 0:00:43]} Nxd6 {[%emt 0:00:07]} 62. Re1 {[%emt 0:00:16]} c5 {[%emt 0:00:25]} 63. Rc1 {[%emt 0:01:16]} Ne4 {[%emt 0:00:13]} 64. f3 {[%emt 0:00:34]} Nc3 {[%emt 0:02:08]} 65. Kf2 {[%emt 0:00:38]} Ke5 {[%emt 0:00:23]} 66. Ke3 {[%emt 0:00:20]} c4 {[%emt 0:04:08]} 67. bxc4 {[%emt 0:00:07]} Nxa4 {[%emt 0:00:04]} 68. Ra1 {[%emt 0:00:29]} Nc3 {[%emt 0:00:53]} 69. Rxa5+ {[%emt 0:00:05]} Kd6 {[%emt 0:00:16]} 70. Kd3 {[%emt 0:00:16]} Ke6 {[%emt 0:00:38]} 71. Ra6+ {[%emt 0:01:42] Kd5 Ke4+} 1-0

[Event "47th GRE-chT 2019"]
[Site "Patra"]
[Date "2019.07.04"]
[Round "4.19"]
[White "Gioutsos, Vasileios"]
[Black "Peikos, Rafail"]
[Result "1-0"]
[WhiteElo "1426"]
[BlackElo "1309"]
[Annotator "NA"]
[PlyCount "123"]
[EventDate "2019.07.02"]
[EventCountry "GRE"]
[SourceTitle "playchess.com"]
[Source "ChessBase"]
[SourceQuality "1"]
[TimeControl "5400+30"]

1. e4 {[%emt 0:00:00]} d5 {[%emt 0:00:00]} 2. exd5 {[%emt 0:00:00]} Qxd5 {[%emt 0:00:00]} 3. Nc3 {[%emt 0:00:00]} Qd6 {[%emt 0:00:00]} 4. d4 {[%emt 0:00:00]} Nf6 {[%emt 0:00:00]} 5. Nf3 {[%emt 0:00:16]} a6 {[%emt 0:00:25]} 6. g3 {[%emt 0:00:38]} Nc6 {[%emt 0:00:28]} 7. Bg2 {[%emt 0:01:19]} Bg4 {[%emt 0:00:48]} 8. Bf4 {[%emt 0:03:37]} Qb4 {[%emt 0:03:16]} 9. O-O {[%emt 0:10:24]} O-O-O {[%emt 0:05:27]} 10. d5 {[%emt 0:16:31]} e6 {[%emt 0:06:47]} 11. a3 {[%emt 0:25:50]} Qc5 {[%emt 0:09:53]} 12. Be3 {[%emt 0:05:42]} Qe7 {[%emt 0:04:38]} 13. h3 {[%emt 0:03:16]} Nxd5 {[%emt 0:07:06]} 14. Nxd5 {[%emt 0:02:37]} Rxd5 {[%emt 0:00:29]} 15. Qe2 {[%emt 0:00:28]} Bh5 {[%emt 0:06:22]} 16. g4 {[%emt 0:02:34]} Bg6 {[%emt 0:00:30]} 17. Nh2 {[%emt 0:02:58]} Nd4 {[%emt 0:06:51]} 18. Bxd4 {[%emt 0:05:40]} Rxd4 {[%emt 0:00:09]} 19. Qe3 {[%emt 0:02:10]} Qc5 {[%emt 0:04:13]} 20. b4 {[%emt 0:03:11]} Qb6 {[%emt 0:03:10]} 21. Nf3 {[%emt 0:01:14]} Rc4 {[%emt 0:02:22]} 22. Qxb6 {[%emt 0:02:26]} cxb6 {[%emt 0:00:13]} 23. Ne5 {[%emt 0:00:19]} Rxc2 {[%emt 0:00:51]} 24. Rac1 {[%emt 0:00:36]} Rc7 {[%emt 0:01:44]} 25. Rxc7+ {[%emt 0:01:05]} Kxc7 {[%emt 0:00:08]} 26. Rc1+ {[%emt 0:00:08]} Kd6 {[%emt 0:01:04]} 27. Nxg6 {[%emt 0:01:35]} hxg6 {[%emt 0:00:40]} 28. Rc8 {[%emt 0:00:40]} a5 {[%emt 0:00:44]} 29. Bxb7 {[%emt 0:02:03]} axb4 {[%emt 0:00:18]} 30. axb4 {[%emt 0:00:03]} Kd7 {[%emt 0:00:24]} 31. g5 {[%emt 0:00:53]} f6 {[%emt 0:00:53]} 32. h4 {[%emt 0:00:43]} Ke7 {[%emt 0:01:14]} 33. Rc4 {[%emt 0:03:06]} fxg5 {[%emt 0:00:34]} 34. hxg5 {[%emt 0:00:33]} Rh5 {[%emt 0:00:39]} 35. f4 {[%emt 0:01:01]} Kd7 {[%emt 0:00:55]} 36. Kg2 {[%emt 0:01:11]} e5 {[%emt 0:00:42]} 37. Bc8+ {[%emt 0:01:47]} Kd8 {[%emt 0:01:40]} 38. Bg4 {[%emt 0:00:19]} Rh4 {[%emt 0:00:16]} 39. fxe5 Ke7 {[%emt 0:01:09]} 40. b5 {[%emt 0:00:00]} Kd8 {[%emt 0:00:00]} 41. Rc8+ {[%emt 0:00:00]} Ke7 {[%emt 0:00:00]} 42. Kg3 {[%emt 0:00:00]} Rh1 {[%emt 0:00:00]} 43. Bf3 {[%emt 0:00:00]} Re1 {[%emt 0:00:00]} 44. Bc6 {[%emt 0:00:00]} Kf7 {[%emt 0:00:00]} 45. e6+ {[%emt 0:00:00]} Ke7 {[%emt 0:00:00]} 46. Re8+ {[%emt 0:00:00]} Kd6 47. Rxf8 {[%emt 0:00:00]} Rg1+ {[%emt 0:00:00]} 48. Kf2 {[%emt 0:00:00]} Rxg5 {[%emt 0:00:00]} 49. Bd7 {[%emt 0:00:00]} Re5 {[%emt 0:00:00]} 50. Rf7 {[%emt 0:00:00]} g5 {[%emt 0:00:00]} 51. Rxg7 {[%emt 0:00:00]} Rf5+ {[%emt 0:00:00]} 52. Kg3 {[%emt 0:00:00]} Kc7 {[%emt 0:00:00]} 53. Kg4 {[%emt 0:00:00]} Re5 {[%emt 0:00:00]} 54. Rxg5 {[%emt 0:00:00]} Re4+ {[%emt 0:00:00]} 55. Kf5 {[%emt 0:00:00]} Rd4 {[%emt 0:00:00]} 56. Kf6 {[%emt 0:00:00]} Kd6 {[%emt 0:00:00]} 57. Kf7 {[%emt 0:00:00]} Rf4+ {[%emt 0:00:00]} 58. Ke8 {[%emt 0:00:00]} Rh4 {[%emt 0:00:00]} 59. Rg8 {[%emt 0:00:00]} Rh7 {[%emt 0:00:00]} 60. Rg6 {[%emt 0:00:00]} Kc7 {[%emt 0:00:00]} 61. Bc6 {[%emt 0:00:00]} Kc8 {[%emt 0:00:00]} 62. e7 {[%emt 0:00:00]} 1-0

[Event "47th GRE-chT 2019"]
[Site "Patra"]
[Date "2019.07.04"]
[Round "4.20"]
[White "Tzermiadianos, Andreas"]
[Black "Argiroudis, Stamatis"]
[Result "1/2-1/2"]
[WhiteElo "2438"]
[BlackElo "2284"]
[Annotator "NA"]
[PlyCount "78"]
[EventDate "2019.07.02"]
[EventCountry "GRE"]
[SourceTitle "playchess.com"]
[Source "ChessBase"]
[SourceQuality "1"]
[TimeControl "5400+30"]

1. e4 {[%emt 0:00:00]} c6 {[%emt 0:00:00]} 2. d4 {[%emt 0:00:00]} d5 {[%emt 0:00:00]} 3. Nc3 {[%emt 0:00:00]} dxe4 {[%emt 0:00:00]} 4. Nxe4 {[%emt 0:00:08]} Bf5 {[%emt 0:00:22]} 5. Nc5 {[%emt 0:01:10]} Nd7 {[%emt 0:03:38]} 6. Nxb7 {[%emt 0:00:21]} Qb6 {[%emt 0:00:13]} 7. Nc5 {[%emt 0:00:10]} Nxc5 {[%emt 0:02:23]} 8. dxc5 {[%emt 0:00:06]} Qxc5 {[%emt 0:05:38]} 9. Bd3 {[%emt 0:00:11]} Bxd3 {[%emt 0:04:58]} 10. cxd3 {[%emt 0:01:55]} e6 {[%emt 0:04:47]} 11. Nf3 {[%emt 0:00:26]} Qa5+ {[%emt 0:08:17]} 12. Bd2 {[%emt 0:01:42]} Bb4 {[%emt 0:01:32]} 13. Bxb4 {[%emt 0:14:40]} Qxb4+ {[%emt 0:00:06]} 14. Qd2 {[%emt 0:00:04]} Rb8 {[%emt 0:11:17]} 15. Qxb4 {[%emt 0:00:12]} Rxb4 {[%emt 0:00:00]} 16. b3 {[%emt 0:00:00]} Ne7 {[%emt 0:01:40]} 17. Kd2 {[%emt 0:00:00]} f6 {[%emt 0:02:17]} 18. Rhc1 {[%emt 0:00:47]} Kd7 {[%emt 0:03:40]} 19. Rc5 {[%emt 0:01:19]} Rb5 {[%emt 0:03:28]} 20. Rc4 {[%emt 0:00:47]} Ra5 {[%emt 0:04:10]} 21. a4 {[%emt 0:02:16]} Rd5 {[%emt 0:06:17]} 22. b4 {[%emt 0:01:11]} Rb8 {[%emt 0:00:05]} 23. Nd4 {[%emt 0:04:54]} a5 {[%emt 0:17:01]} 24. b5 {[%emt 0:14:06]} cxb5 {[%emt 0:00:04]} 25. Nxb5 {[%emt 0:00:10]} Rc8 {[%emt 0:08:43]} 26. Rxc8 {[%emt 0:04:54]} Nxc8 {[%emt 0:00:02]} 27. Rc1 {[%emt 0:02:37]} Nb6 {[%emt 0:00:41]} 28. Rc7+ {[%emt 0:12:27]} Kd8 {[%emt 0:00:07]} 29. Rxg7 {[%emt 0:04:10]} Nxa4 {[%emt 0:00:07]} 30. Nc7 {[%emt 0:04:01]} Rd6 {[%emt 0:01:17]} 31. Rxh7 {[%emt 0:03:20]} Nc5 {[%emt 0:01:29]} 32. Nb5 {[%emt 0:10:23]} Rxd3+ {[%emt 0:00:53]} 33. Kc2 {[%emt 0:00:16]} Rd5 {[%emt 0:02:50]} 34. Nc3 {[%emt 0:00:34]} Rd7 {[%emt 0:02:52]} 35. Rh8+ {[%emt 0:00:09]} Ke7 {[%emt 0:02:39]} 36. Ra8 {[%emt 0:01:55]} Rc7 {[%emt 0:00:45]} 37. Nb5 {[%emt 0:03:31]} Rc6 {[%emt 0:01:02]} 38. Ra7+ {[%emt 0:01:08]} Kf8 {[%emt 0:00:59]} 39. Nd4 {[%emt 0:00:00]} Rc8 1/2-1/2

[Event "47th GRE-chT 2019"]
[Site "Patra"]
[Date "2019.07.04"]
[Round "4.20"]
[White "Souchleris, Nikolaos"]
[Black "Merkos, Thomas"]
[Result "0-1"]
[WhiteElo "1204"]
[BlackElo "1665"]
[Annotator "NA"]
[PlyCount "76"]
[EventDate "2019.07.02"]
[EventCountry "GRE"]
[SourceTitle "playchess.com"]
[Source "ChessBase"]
[SourceQuality "1"]
[TimeControl "5400+30"]

1. d4 {[%emt 0:00:00]} Nf6 {[%emt 0:00:00]} 2. Nf3 {[%emt 0:00:00]} e6 {[%emt 0:00:00]} 3. e3 {[%emt 0:00:06]} b6 {[%emt 0:00:00]} 4. Bd3 {[%emt 0:00:07]} Bb7 {[%emt 0:00:07]} 5. b3 {[%emt 0:00:06]} Be7 {[%emt 0:00:08]} 6. Bb2 {[%emt 0:00:13]} O-O {[%emt 0:00:13]} 7. O-O {[%emt 0:00:33]} d5 {[%emt 0:00:13]} 8. c4 {[%emt 0:00:06]} c5 {[%emt 0:00:32]} 9. Nbd2 {[%emt 0:00:21]} Nc6 {[%emt 0:01:19]} 10. a3 {[%emt 0:00:24]} h6 {[%emt 0:01:38]} 11. Qe2 {[%emt 0:02:50]} Rc8 {[%emt 0:01:49]} 12. Rac1 {[%emt 0:02:47]} Qd7 {[%emt 0:02:26]} 13. Rfd1 {[%emt 0:03:55]} Rfd8 {[%emt 0:03:41]} 14. Bb1 {[%emt 0:12:55]} cxd4 {[%emt 0:02:49]} 15. exd4 {[%emt 0:08:00]} Ba6 {[%emt 0:19:03]} 16. Rc3 {[%emt 0:18:20]} dxc4 {[%emt 0:08:23]} 17. Nxc4 {[%emt 0:01:21]} Nd5 {[%emt 0:09:36]} 18. Rcc1 {[%emt 0:03:16]} Bd6 {[%emt 0:09:46]} 19. Qc2 {[%emt 0:03:28]} g6 {[%emt 0:08:45]} 20. Nxd6 {[%emt 0:00:27]} Qxd6 {[%emt 0:02:24]} 21. Qd2 {[%emt 0:03:51]} Nf4 {[%emt 0:05:15]} 22. Kh1 {[%emt 0:16:58]} Na5 {[%emt 0:04:24]} 23. Rxc8 {[%emt 0:00:48]} Rxc8 {[%emt 0:01:22]} 24. Qe3 {[%emt 0:04:26]} Bb7 {[%emt 0:05:34]} 25. Rc1 {[%emt 0:01:09]} Rxc1+ {[%emt 0:00:07]} 26. Bxc1 {[%emt 0:02:01]} g5 {[%emt 0:04:26]} 27. b4 {[%emt 0:02:06]} Nc4 {[%emt 0:01:23]} 28. Qc3 {[%emt 0:01:48]} b5 {[%emt 0:01:16]} 29. Bxf4 {[%emt 0:00:18]} Qxf4 {[%emt 0:01:56]} 30. Qd3 {[%emt 0:04:29]} f5 {[%emt 0:03:01]} 31. Ba2 {[%emt 0:03:33]} g4 {[%emt 0:01:56]} 32. Bxc4 {[%emt 0:01:44]} gxf3 {[%emt 0:00:21]} 33. Bxe6+ {[%emt 0:02:48]} Kh8 {[%emt 0:00:57]} 34. Qe3 {[%emt 0:00:36]} Qxe3 {[%emt 0:00:08]} 35. fxe3 {[%emt 0:00:05]} f2 {[%emt 0:00:39]} 36. Bc4 {[%emt 0:00:05]} bxc4 {[%emt 0:00:06]} 37. h3 {[%emt 0:00:06]} f1=Q+ {[%emt 0:00:09]} 38. Kh2 {[%emt 0:00:02]} Qxg2# {[%emt 0:00:31]} 0-1

[Event "47th GRE-chT 2019"]
[Site "Patra"]
[Date "2019.07.04"]
[Round "4.21"]
[White "Laznicka, Viktor"]
[Black "Vallejo Pons, Francisco"]
[Result "1/2-1/2"]
[WhiteElo "2658"]
[BlackElo "2687"]
[Annotator "TA"]
[PlyCount "46"]
[EventDate "2019.07.02"]
[EventCountry "GRE"]
[SourceTitle "playchess.com"]
[Source "ChessBase"]
[SourceQuality "1"]

{[%evp 17,46,0,3,3,0,0,8,-15,-4,-7,-10,-15,-5,-28,-27,-11,-27,-23,-12,-18,-12,0,0,0,0,0,0,0,0,0,0]} 1. c4 e6 2. Nf3 d5 3. g3 dxc4 4. Qa4+ Nd7 5. Qxc4 a6 6. Bg2 b5 7. Qc2 Bb7 8. O-O Ngf6 9. a4 c5 10. Nc3 {A13: English Opening: 1...e6} Bc6 (10... Qb6 11. d3 Be7 12. axb5 axb5 13. Rxa8+ Bxa8 14. Qb3 Nd5 15. Bg5 Nxc3 16. Qxc3 f6 17. Bd2 O-O 18. Ra1 Bb7 19. Ne1 Bxg2 20. Nxg2 {1-0 (53) Aronian,L (2797)-Wojtaszek,R (2744) Beijing 2014}) 11. d3 Be7 12. Nd2 Bxg2 13. Kxg2 O-O 14. Nf3 $146 ({Predecessor:} 14. Nde4 Qb6 15. Nxf6+ Nxf6 {½-½ (31) Erturan,Y (2378)-Koksal,E (2378) Ankara 2018}) 14... Qb6 15. axb5 axb5 16. Rxa8 Rxa8 17. Qb3 Ra5 18. Bd2 {The position is equal.} h6 19. Rc1 Kf8 20. Nb1 Ra8 21. Nc3 Ra5 22. Nb1 Ra8 23. Nc3 Ra5 {Accuracy: White = 82%, Black = 75%.} 1/2-1/2

[Event "47th GRE-chT 2019"]
[Site "Patra"]
[Date "2019.07.04"]
[Round "4.22"]
[White "Martinovic, Sasa"]
[Black "Pancevski, Filip"]
[Result "0-1"]
[WhiteElo "2560"]
[BlackElo "2514"]
[Annotator "ChessBase"]
[PlyCount "82"]
[EventDate "2019.07.02"]
[EventCountry "GRE"]
[SourceTitle "playchess.com"]
[Source "ChessBase"]
[SourceQuality "1"]
[TimeControl "5400+30"]

1. d4 {[%emt 0:00:00]} d6 {[%emt 0:00:00]} 2. Nf3 {[%emt 0:00:08]} Nf6 {[%emt 0:00:00]} 3. Nc3 {[%emt 0:00:43]} g6 {[%emt 0:00:00]} 4. e4 {[%emt 0:00:08]} Bg7 {[%emt 0:00:00]} 5. Be3 {[%emt 0:01:06]} O-O {[%emt 0:00:00]} 6. Qd2 {[%emt 0:01:30]} c6 {[%emt 0:00:00]} 7. Bh6 {[%emt 0:04:15]} Qa5 {[%emt 0:03:42]} 8. h4 {[%emt 0:22:56]} Bxh6 {[%emt 0:00:04]} 9. Qxh6 {[%emt 0:00:03]} Ng4 {[%emt 0:10:40]} 10. Qd2 {[%emt 0:01:42]} h5 {[%emt 0:05:05]} 11. Bc4 {[%emt 0:05:54]} Kg7 {[%emt 0:12:47]} 12. Ng5 {[%emt 0:14:23]} Nd7 {[%emt 0:04:44]} 13. f3 {[%emt 0:01:09]} Ngf6 {[%emt 0:17:21]} 14. g4 {[%emt 0:16:26]} e5 {[%emt 0:05:27]} 15. O-O-O {[%emt 0:07:16]} Qb4 {[%emt 0:14:55]} 16. dxe5 {[%emt 0:01:49]} dxe5 {[%emt 0:07:01]} 17. Bxf7 {[%emt 0:00:04]} Rxf7 {[%emt 0:00:05]} 18. Nxf7 {[%emt 0:00:03]} Kxf7 {[%emt 0:04:07]} 19. g5 {[%emt 0:01:38]} Ne8 {[%emt 0:00:03]} 20. f4 {[%emt 0:05:04]} exf4 {[%emt 0:00:01]} 21. Rhf1 {[%emt 0:01:23]} Kg8 {[%emt 0:02:51]} 22. Qxf4 {[%emt 0:04:22]} Qe7 {[%emt 0:00:04]} 23. e5 {[%emt 0:00:48]} Nc5 {[%emt 0:06:58]} 24. b4 {[%emt 0:00:42]} Ne6 {[%emt 0:00:01]} 25. Qe4 {[%emt 0:01:13]} Kh7 {[%emt 0:04:40]} 26. Rf2 {[%emt 0:02:56]} N6g7 {[%emt 0:00:23]} 27. Qd4 {[%emt 0:02:01]} Bg4 {[%emt 0:00:20]} 28. Rdd2 {[%emt 0:01:41]} Bf5 {[%emt 0:01:05]} 29. Ne4 {[%emt 0:00:48]} Bxe4 {[%emt 0:00:01]} 30. Qxe4 {[%emt 0:00:28]} a5 {[%emt 0:01:19]} 31. Rf6 {[%emt 0:00:54]} Nf5 {[%emt 0:00:46]} 32. Rxf5 {[%emt 0:00:02]} gxf5 {[%emt 0:00:03]} 33. Qxf5+ {[%emt 0:00:26]} Kg8 {[%emt 0:01:23]} 34. g6 {[%emt 0:00:08]} Ng7 {[%emt 0:00:20]} 35. Qf6 {[%emt 0:01:51]} Re8 {[%emt 0:00:25]} 36. Rf2 {[%emt 0:00:55]} Qxb4 {[%emt 0:00:43]} 37. Qf7+ {[%emt 0:00:01]} Kh8 {[%emt 0:00:33]} 38. e6 {[%emt 0:00:11]} Qe1+ {[%emt 0:00:01]} 39. Kb2 {[%emt 0:00:25]} Qe5+ {[%emt 0:00:00]} 40. c3 {[%emt 0:00:00]} Qxe6 {[%emt 0:00:00]} 41. Rf6 {[%emt 0:00:00]} Qd5 {[%emt 0:00:00]} 0-1